000 00212 a2200097 4500
001 46327
100 _aWatson, E
245 _aBeyond the Sunset
260 _aLondon
_bOxford University
_c
090 _c29445
_d29445
942 _aNUST-CAE
_cM
_c21608
999 _c281400
_d281400